Η διαχείριση των επικίνδυνων ιατρικών αποβλήτων στο Βοστάνειο Γενικό Νοσοκομείο Μυτιλήνης : μεταπτυχιακή διατριβή
Αποθηκεύτηκε σε:
| Κύριος συγγραφέας: | |
|---|---|
| Συγγραφή απο Οργανισμό/Αρχή: | |
| Άλλοι συγγραφείς: | |
| Μορφή: | Thesis Βιβλίο |
| Γλώσσα: | Greek |
| Δημοσίευση: |
Μυτιλήνη :
Πανεπιστήμιο Αιγαίου, Τμήμα Περιβάλλοντος, Μεταπτυχιακό Πρόγραμμα Σπουδών στην Περιβαλλοντική Πολιτική και Διαχείριση,
2005
|
| Θέματα: | |
| Ετικέτες: |
Προσθήκη ετικέτας
Δεν υπάρχουν, Καταχωρήστε ετικέτα πρώτοι!
|
MARC
| LEADER | 00000cam a2200000 i 4500 | ||
|---|---|---|---|
| 001 | 1/34277 | ||
| 008 | 060913s2005 gre d | ||
| 035 | |l 10085181 | ||
| 040 | |a GR-MY-UA |b gre |e aacr | ||
| 041 | 0 | |a gre | |
| 082 | 0 | |a 363.7288 |2 (22) | |
| 100 | 1 | |a Καραμούστος, Θεμιστοκλής Κ. | |
| 245 | 1 | 2 | |a Η διαχείριση των επικίνδυνων ιατρικών αποβλήτων στο Βοστάνειο Γενικό Νοσοκομείο Μυτιλήνης : |b μεταπτυχιακή διατριβή / |c Καραμούστος Θεμιστοκλής Κ. ; υπεύθυνος καθηγητής Χαλβαδάκης Κ. |
| 260 | |a Μυτιλήνη : |b Πανεπιστήμιο Αιγαίου, Τμήμα Περιβάλλοντος, Μεταπτυχιακό Πρόγραμμα Σπουδών στην Περιβαλλοντική Πολιτική και Διαχείριση, |c 2005 | ||
| 300 | |a 167 σ.; |b πιν., εικ.; |c 30 εκ. | ||
| 502 | |a Διατριβή (μεταπτυχιακή) – Πανεπιστήμιο Αιγαίου, Λέσβος, 2005. | ||
| 504 | |a Βιβλιογραφία: σ. 137-139 | ||
| 650 | 0 | |a Hospitals |x Waste disposal |z Greece |z Mytilene (Lesbos) | |
| 650 | 0 | 0 | |a Medical wastes. |
| 650 | 0 | 0 | |a Hazardous wastes. |
| 650 | 0 | 0 | |a Dissertations, Academic |z Greece. |
| 700 | 1 | |a Χαλβαδάκης, Κωνσταντίνος Π. |4 ths | |
| 710 | 2 | |a Πανεπιστήμιο Αιγαίου |b Σχολή Περιβάλλοντος |b Τμήμα Περιβάλλοντος |b Πρόγραμμα Μεταπτυχιακών Σπουδών Περιβαλλοντική Πολιτική και Διαχείριση. | |
| 852 | |a INST |b LESVOS |c DIATR |e 20060913 |h 291 |p 005100035225 |q 005100035225 |t MTXE |y 23 | ||
| 852 | |a INST |b LESVOS |c DIATR |e 20060913 |h 292 |p 005100035224 |q 005100035224 |t MTXE |y 23 | ||
| 901 | |a BIBL1-2006-2 | ||
| 909 | |a Λ |b 129181 | ||
| 909 | |a Λ |b 129182 | ||
| 924 | |a ΚΑΡΑΜΟΥΣΤΟΣ |b ΘΕΜΙΣΤΟΚΛΗΣ |y ΛΕΣΒΟΣ |z 2006-08 | ||
| 970 | |a ΜΑΡΙΝΑΤΟΥ |b ΜΥΡΣΙΝΗ |z 2006/09/13 | ||